La Cueca y el A B C

Gespeichert in:
Bibliographische Detailangaben
1. Verfasser: Barahona Vega, Clemente (VerfasserIn)
Format: Buch
Sprache:Spanisch
Veröffentlicht: Santiago Imprenta Chile 1915
Ausgabe:1a. ed
Schriftenreihe:De la Tierruca Chilena, 1
Schlagworte:
Tags: Tag hinzufügen
Keine Tags, Fügen Sie den ersten Tag hinzu!

MARC

LEADER 00000nam a2200000 a 4500
001 UCJ4112
003 CL-VaPUC
008 070124e19150000CL |||||||||||||||||spa|d
082 0 4 |a Ch864  |b BAR  |2 21 
100 0 |a Barahona Vega, Clemente  |e author  |9 506622 
245 1 3 |a La Cueca y el A B C 
250 |a 1a. ed 
300 |a 176 p 
942 |c BK 
945 |d 20070124 00:00:00  |a rinostro 
260 |a Santiago  |b Imprenta Chile  |c 1915 
500 |a Presencia de la musa popular en la disputa limítrofe con Argentina 
650 7 |a FOLKLORE  |2 CL-VaPUC  |9 268291 
650 0 |a Cueca  |9 344561 
650 7 |a BAILES NACIONALES  |2 CL-VaPUC  |9 409937 
650 0 |a Diplomacia  |9 256483 
650 0 |a Límites con Argentina  |9 504170 
650 0 |a Poesía   |9 265825 
651 0 |a Brasil  |9 267393 
651 7 |a CHILE  |2 CL-VaPUC  |9 507060 
651 0 |a Argentina  |9 254888 
583 |a last modification  |c 20070124 00:00:00  |k Rodrigo Vera 
490 0 |a De la Tierruca Chilena, 1 
999 |c 320229  |d 320227 
952 |0 0  |1 0  |4 0  |6 CH_864_000000000000000_BAR_1915  |7 0  |8 X  |9 398710  |a FDOBUD  |b FDOBUD  |d 2019-11-22  |i 1013904  |o Ch864 BAR 1915  |p 1013904  |r 2019-11-22  |w 2019-11-22  |y BK_X  |k BUD